Discretionary time : (Record no. 757126)

MARC details
000 -LEADER
fixed length control field 02694cam a2200349 a 4500
003 - CONTROL NUMBER IDENTIFIER
control field 3228
005 - DATE AND TIME OF LATEST TRANSACTION
control field 20230912154726.0
008 - FIXED-LENGTH DATA ELEMENTS--GENERAL INFORMATION
fixed length control field 080405s2008 enka b 001 0 eng
010 ## -
-- 2008295241
020 ## - INTERNATIONAL STANDARD BOOK NUMBER
International Standard Book Number 9780521882989
Qualifying information Hardcover
020 ## - INTERNATIONAL STANDARD BOOK NUMBER
International Standard Book Number 0521882982 (hbk.)
020 ## - INTERNATIONAL STANDARD BOOK NUMBER
International Standard Book Number 9780521709514 (pbk.)
020 ## - INTERNATIONAL STANDARD BOOK NUMBER
International Standard Book Number 0521709512 (pbk.)
035 ## - SYSTEM CONTROL NUMBER
System control number (OCoLC)171110399
Canceled/invalid control number (OCoLC)236185733
040 ## - CATALOGING SOURCE
Original cataloging agency UKM
Language of cataloging eng
Transcribing agency UKM
Modifying agency DLC
-- YDXCP
-- BTCTA
-- BAKER
-- NTE
-- CUY
-- IXA
-- OKU
-- UV1
-- A7U
-- BDX
-- UKMGB
-- OCLCO
-- DEBSZ
042 ## - AUTHENTICATION CODE
Authentication code ukscp
-- lccopycat
082 04 - DEWEY DECIMAL CLASSIFICATION NUMBER
Classification number 306.0723 GOOD
100 ## - MAIN ENTRY--PERSONAL NAME
Personal name Gooddin, R.E
9 (RLIN) 181710
245 00 - TITLE STATEMENT
Title Discretionary time :
Remainder of title a new measure of freedom /
Statement of responsibility, etc. Robert E. Goodin, James M Rice,Antti Parpo, Lina Eriksson
260 ## - PUBLICATION, DISTRIBUTION, ETC.
Place of publication, distribution, etc. Cambridge ;
-- New York :
Name of publisher, distributor, etc. Cambridge University Press,
Date of publication, distribution, etc. 2008.
300 ## - PHYSICAL DESCRIPTION
Extent xix, 462 p. :
Other physical details ill. ;
Dimensions 24 cm.
504 ## - BIBLIOGRAPHY, ETC. NOTE
Bibliography, etc. note Includes bibliographical references and index.
505 0# - FORMATTED CONTENTS NOTE
Formatted contents note Time and money -- Discretionary time and temporal autonomy -- The distribution of discretionary time -- Time pressure : a new problem? -- Time pressure : a new measure -- Is it really an illusion? -- How welfare regimes differ -- A temporal perspective on welfare regimes -- Welfare regime and temporal autonomy -- How gender regimes differ -- A temporal perspective on gender regimes -- Gender regimes and temporal autonomy -- How household regimes differ -- The difference that household rules make -- The difference that states make -- Alternative household rules and temporal autonomy.
520 1# - SUMMARY, ETC.
Summary, etc. "A healthy work-life balance has become increasingly important to people trying to cope with the pressures of contemporary society. This trend highlights the fallacy of assessing well-being in terms of finance alone; how much time we have matters just as much as how much money. The authors of this book have developed a novel way to measure 'discretionary time': time which is free to spend as one pleases. Exploring data from the US, Australia, Germany, France, Sweden and Finland, they show that temporal autonomy varies substantially across different countries and under different living conditions. By calibrating how much control people have over their time, and how much they could have under alternative welfare, gender or household arrangements, this book offers a new perspective for comparative cross-national enquiries into the temporal aspects of human welfare."--BOOK JACKET.
650 #0 - SUBJECT ADDED ENTRY--TOPICAL TERM
Topical term or geographic name entry element Quality of life
General subdivision Evaluation.
9 (RLIN) 181711
650 #0 - SUBJECT ADDED ENTRY--TOPICAL TERM
Topical term or geographic name entry element Well-being
General subdivision Evaluation.
9 (RLIN) 181712
650 #0 - SUBJECT ADDED ENTRY--TOPICAL TERM
Topical term or geographic name entry element Leisure.
9 (RLIN) 181713
650 #0 - SUBJECT ADDED ENTRY--TOPICAL TERM
Topical term or geographic name entry element Time
General subdivision Sociological aspects.
9 (RLIN) 181714
700 1# - ADDED ENTRY--PERSONAL NAME
Personal name Goodin, Robert E.
9 (RLIN) 181715
942 ## - ADDED ENTRY ELEMENTS
Source of classification or shelving scheme Dewey Decimal Classification
item type Book
-- 162
-- Elsie Maluleke
-- 162
-- Elsie Maluleke
Holdings
Withdrawn status Lost status Source of classification or shelving scheme Damaged status Not for loan Home library Current library Shelving location Date acquired Total Checkouts Full call number Barcode Date last seen Price effective from item type
    Dewey Decimal Classification     LYDENBURG REGIONAL LIBRARY Mafemani Non Fiction 12.09.2023   306.0723 GOOD 33228031025822 12.09.2023 12.09.2023 Book